[Event "Dresden Porzellan Cup"]
[Site "Dresden"]
[Date "2010.01.16"]
[Round "2"]
[White "Malaniuk, Vladimir P"]
[Black "Wuttke, Edmund"]
[Result "1-0"]
[WhiteElo "2573"]
[BlackElo "2064"]
[PlyCount "77"]
[EventDate "2010.01.16"]
[EventType "swiss (rapid)"]
[EventRounds "9"]
[EventCountry "GER"]
[SourceTitle "CBM 134 Extra"]
[Source "ChessBase"]
[SourceDate "2010.03.03"]
[SourceVersion "1"]
[SourceVersionDate "2010.03.03"]
[SourceQuality "1"]

1. d4 f6 2. e4 g6 3. Nf3 Nh6 4. Bc4 e6 5. 0-0 Nf7 6. Re1 Bg7 7. Bb3 0-0 8. c3 d6 9. Nbd2 c6 10. Nf1 Na6 11. Ng3 Nc7 12. h3 Bd7 13. a4 d5 14. Bf4 Rc8 15. Qc2 f5 16. exf5 exf5 17. Re2 Ne6 18. Be5 Neg5 19. Qd3 Ne4 20. Bxg7 Kxg7 21. a5 Qf6 22. Ree1 Rce8 23. c4 Be6 24. cxd5 Bxd5 25. Bxd5 cxd5 26. Ne2 Rc8 27. Qb3 Qc6 28. Rac1 Qd7 29. Nf4 Rxc1 30. Rxc1 Rd8 31. Rc7 Qe8 32. Ne5 Ned6 33. Qxd5 Rc8 34. Qxd6 Rxc7 35. Qxc7 Qa4 36. Qxf7+ Kh6 37. Qf8+ Kg5 38. Ne6+ Kh5 39. g4+ 1-0

[Event "Brandenburg-ch Seniors 18th"]
[Site "Rowy"]
[Date "2009.06.22"]
[Round "1"]
[White "Wuttke, Edmund"]
[Black "Ewald, Horst"]
[Result "1-0"]
[WhiteElo "1915"]
[BlackElo "1551"]
[PlyCount "103"]
[EventDate "2009.06.22"]
[EventType "swiss"]
[EventRounds "9"]
[EventCountry "POL"]
[SourceTitle "EXT 2022"]
[Source "ChessBase"]
[SourceDate "2021.10.06"]
[SourceVersion "1"]
[SourceVersionDate "2021.10.06"]
[SourceQuality "1"]

1. e4 e5 2. d3 Nf6 3. Be3 d5 4. f3 dxe4 5. dxe4 Qxd1+ 6. Kxd1 Bd6 7. c3 Be6 8. Nd2 Nbd7 9. g4 h6 10. Bc4 Bxc4 11. Nxc4 Be7 12. Kc2 a5 13. a4 c6 14. Ne2 b5 15. axb5 cxb5 16. Nxa5 Bc5 17. Bxc5 Nxc5 18. Nb3 Na4 19. Nc5 Ke7 20. Nxa4 bxa4 21. h4 Nd7 22. Ng3 g6 23. Nf1 Nc5 24. Ne3 Rhd8 25. Rhd1 Rxd1 26. Rxd1 Rd8 27. Rxd8 Kxd8 28. Nc4 f6 29. Nd2 Kd7 30. b4 axb3+ 31. Nxb3 Ne6 32. Kd2 Nf4 33. Nc5+ Kd6 34. Nd3 Ng2 35. h5 gxh5 36. gxh5 Nh4 37. Ne1 Kc5 38. Kd3 f5 39. Ke3 Kc4 40. Kd2 Kc5 41. Kd3 Kd6 42. Kc4 Kc6 43. Kb4 Kb6 44. c4 Kc6 45. c5 Kd7 46. Kb5 Kc7 47. c6 Kc8 48. Kc5 Kc7 49. Kd5 Nxf3 50. Nxf3 fxe4 51. Kxe4 Kxc6 52. Kxe5 1-0

[Event "EU-chT Seniors 09th"]
[Site "Dresden"]
[Date "2007.02.22"]
[Round "7"]
[White "Seibt, Manfred"]
[Black "Wuttke, Edmund"]
[Result "1/2-1/2"]
[WhiteElo "1936"]
[BlackElo "1899"]
[PlyCount "66"]
[EventDate "2007.02.16"]
[EventType "team-swiss"]
[EventRounds "9"]
[EventCountry "GER"]
[SourceTitle "CBM 117 Extra"]
[Source "ChessBase"]
[SourceDate "2007.05.09"]
[SourceVersion "1"]
[SourceVersionDate "2007.05.09"]
[SourceQuality "1"]

1. d4 f6 2. Nf3 g6 3. e4 Nh6 4. Bc4 e6 5. Nc3 Nf7 6. 0-0 Bg7 7. Be3 d6 8. Qd2 0-0 9. h3 c6 10. a3 d5 11. exd5 exd5 12. Bd3 Nd7 13. Ne2 Re8 14. c4 Nf8 15. cxd5 cxd5 16. Rac1 g5 17. Ng3 Nd6 18. Qc2 Be6 19. Nf5 Rc8 20. Qb1 Nxf5 21. Bxf5 Bxf5 22. Qxf5 Qd7 23. Qxd7 Nxd7 24. g4 Nb6 25. b3 Kf7 26. h4 h6 27. hxg5 hxg5 28. Rxc8 Rxc8 29. Rc1 Bf8 30. a4 Ba3 31. Rxc8 Nxc8 32. Ne1 Bd6 33. Nd3 Ne7 1/2-1/2

[Event "EU-chT Seniors 09th"]
[Site "Dresden"]
[Date "2007.02.21"]
[Round "6"]
[White "Wuttke, Edmund"]
[Black "Hentzschel, Erhard"]
[Result "1/2-1/2"]
[WhiteElo "1899"]
[BlackElo "1950"]
[PlyCount "164"]
[EventDate "2007.02.16"]
[EventType "team-swiss"]
[EventRounds "9"]
[EventCountry "GER"]
[SourceTitle "CBM 117 Extra"]
[Source "ChessBase"]
[SourceDate "2007.05.09"]
[SourceVersion "1"]
[SourceVersionDate "2007.05.09"]
[SourceQuality "1"]

1. e4 e5 2. d3 Nc6 3. Be3 d5 4. f3 Be6 5. c3 d4 6. Bf2 Nf6 7. c4 Bb4+ 8. Nd2 0-0 9. a3 Be7 10. g4 h6 11. h4 Nh7 12. Bg2 a5 13. b3 Rb8 14. Ne2 b6 15. Nc1 Ra8 16. Ne2 Rc8 17. Bg3 Bf6 18. Nc1 Qd7 19. 0-0 Qe7 20. Qe1 Qd7 21. Ra2 Rfe8 22. Nb1 Qe7 23. Rb2 Nf8 24. Bh3 Ng6 25. h5 Nf4 26. Bxf4 exf4 27. Ne2 Bg5 28. Qf2 Rcd8 29. Qh2 Qf6 30. Rd1 Qe5 31. Qf2 Qd6 32. Bf1 Ne5 33. Bg2 c5 34. Kh1 Qe7 35. Bh3 Qf6 36. a4 Re7 37. Qg2 g6 38. Ng1 Kh8 39. Qf1 Rg8 40. Rh2 Bh4 41. g5 Bxg5 42. Bxe6 Rxe6 43. Qh3 Kg7 44. Na3 Qe7 45. Nc2 gxh5 46. Qxh5 Kf8 47. Ne1 Reg6 48. Ng2 Qf6 49. Qh3 Ke7 50. Qh5 Qg7 51. Qh3 Rf6 52. Ne2 Rg6 53. Nh4 Bxh4 54. Qxh4+ f6 55. Qh3 Nxd3 56. Qf1 Ne5 57. Nxf4 Rg3 58. Nh5 Rxf3 59. Qxf3 Nxf3 60. Nxg7 Rxg7 61. Rxh6 Rf7 62. Kg2 Ng5 63. Rh4 Ke6 64. Rh8 Kd6 65. Re1 Rg7 66. Kf2 Rc7 67. Rg1 Nxe4+ 68. Kf3 Ng5+ 69. Kf4 Kc6 70. Kf5 Rd7 71. Re8 Rf7 72. Rh1 Kd7 73. Rhh8 Kc7 74. Rc8+ Kb7 75. Ra8 Kc6 76. Rh6 Kb7 77. Rd8 Kc7 78. Rd5 Kc6 79. Kg6 Rc7 80. Kxf6 Ne4+ 81. Ke6 Nc3 82. Rd6+ Kb7 1/2-1/2

[Event "EU-chT Seniors 09th"]
[Site "Dresden"]
[Date "2007.02.16"]
[Round "1"]
[White "Seuss, Oswald"]
[Black "Wuttke, Edmund"]
[Result "1-0"]
[WhiteElo "2172"]
[BlackElo "1899"]
[PlyCount "107"]
[EventDate "2007.02.16"]
[EventType "team-swiss"]
[EventRounds "9"]
[EventCountry "GER"]
[SourceTitle "CBM 117 Extra"]
[Source "ChessBase"]
[SourceDate "2007.05.09"]
[SourceVersion "1"]
[SourceVersionDate "2007.05.09"]
[SourceQuality "1"]

1. e4 f6 2. d4 g6 3. Nf3 Nh6 4. Nc3 Nf7 5. Bc4 e6 6. Be3 Bg7 7. 0-0 0-0 8. Qd2 d6 9. Rad1 c6 10. a4 d5 11. Bb3 Na6 12. Rfe1 Nc7 13. exd5 exd5 14. h3 g5 15. Nh2 Bf5 16. Ne2 Qd7 17. Ng3 Bg6 18. f4 gxf4 19. Bxf4 Ne6 20. Ng4 Rae8 21. Rf1 Kh8 22. Bh6 Nxh6 23. Nxh6 Bxh6 24. Qxh6 Qg7 25. Qxg7+ Kxg7 26. Nf5+ Bxf5 27. Rxf5 Kg6 28. Rf2 Ng5 29. c3 Re3 30. Bc2+ Kg7 31. Rdf1 Ne4 32. Rf4 Rf7 33. Rg4+ Kf8 34. Bxe4 Rxe4 35. Rxe4 dxe4 36. Kf2 Ke7 37. Ke3 Rg7 38. g4 b6 39. Kxe4 Ke6 40. Rf5 Kf7 41. Kf4 h6 42. h4 Ke6 43. Rh5 Rh7 44. c4 a5 45. d5+ cxd5 46. Rxd5 Rc7 47. b3 Rb7 48. Rb5 Kf7 49. c5 Kg6 50. h5+ Kh7 51. Rxb6 Re7 52. c6 Re1 53. Rb7+ Kh8 54. c7 1-0

[Event "GER Seniors Derby 05th"]
[Site "Wesel Undeloh"]
[Date "2006.04.20"]
[Round "2"]
[White "Charatsidis, Christos"]
[Black "Wuttke, Edmund"]
[Result "0-1"]
[WhiteElo "1500"]
[BlackElo "1899"]
[PlyCount "77"]
[EventDate "2006.04.20"]
[EventType "swiss"]
[EventRounds "7"]
[EventCountry "GER"]
[SourceTitle "EXT 2007"]
[Source "ChessBase"]
[SourceDate "2006.11.23"]
[SourceVersion "1"]
[SourceVersionDate "2006.11.23"]
[SourceQuality "1"]

1. e4 f6 2. d4 g6 3. Nf3 Nh6 4. Nc3 Nf7 5. e5 Bg7 6. Bc4 0-0 7. 0-0 e6 8. Be3 c6 9. Bb3 fxe5 10. Ne4 d5 11. Neg5 e4 12. Nxf7 Rxf7 13. Nd2 b5 14. c3 Nd7 15. Qg4 Nf8 16. Qg3 Bf6 17. Bf4 Bh4 18. Qe3 Rxf4 19. Qxf4 Bg5 20. Qe5 Bxd2 21. Rad1 Bh6 22. f4 a5 23. Rde1 Ra7 24. Re3 Rf7 25. Rh3 Bg7 26. Qb8 Rb7 27. Qa8 Qc7 28. f5 gxf5 29. a4 Rb8 30. Qxb8 Qxb8 31. Bc2 bxa4 32. Bxa4 Qb6 33. Rg3 e5 34. Kh1 exd4 35. cxd4 Ng6 36. Rb3 Qxd4 37. Bxc6 Qc4 38. Bxd5+ Qxd5 39. Rc3 0-1